| 000 | 02279cam a22005774i 4500 | ||
|---|---|---|---|
| 003 | PE-LiUPU | ||
| 005 | 20250731173515.0 | ||
| 008 | 150616s r 000 0 d | ||
| 020 | _a8471512424 | ||
| 035 | _a(Sirsi) i9788471512420 | ||
| 040 |
_aPE-LiUPU _bspa _cPE-LiUPU _erda |
||
| 049 | _aPRUA | ||
| 082 | 0 | 4 |
_a220.07 _bB291-3 _221 |
| 100 | 1 |
_aBeaude, Pierre-Marie, _eautor. |
|
| 245 | 1 | 0 |
_aIniciación a la Biblia / _cPierre-Marie Beaude. |
| 264 | 1 |
_aEstella (Navarra) : _bEditorial Verbo Divino, _c1979. |
|
| 300 |
_aPaginación Varia ; _c19 centímetros |
||
| 336 |
_atext _2rdacontent |
||
| 337 |
_aunmediated _2rdamedia |
||
| 338 |
_avolume _2rdacarrier |
||
| 505 | 0 | _aEl acontecimiento iniciador de Israel: el éxodo.- El reino de David y el documento yavista.- El reino del norte: el documento elohísta y el profetismo.- Deuteronomio y Jeremías.- Eel destierro: tradición sacerdotal y Ezequiel.- Fin del destierro: 2 y 3 Isaías.- La literatura sapiencial.- Daniel y el apocalipsis.- Al final del recorrido. | |
| 526 | _aSEG42 | ||
| 526 | _aSEG41 | ||
| 526 | _aSEG40 | ||
| 526 | _aSEG39 | ||
| 526 | _aP94 | ||
| 526 | _aP87 | ||
| 526 | _aP86 | ||
| 526 | _aP85 | ||
| 526 | _aP77 | ||
| 526 | _aP76 | ||
| 526 | _aP35 | ||
| 630 |
_aBiblia _xIntroducciones. _92045 |
||
| 700 | 1 |
_aBeaude, Pierre-Marie _ecolaborador |
|
| 700 | 1 |
_aBrossier, Francois, _ecolaborador |
|
| 700 | 1 |
_aCharpienter, Etienne, _ecolaborador |
|
| 700 | 1 |
_aCousin, Hugues, _ecolaborador |
|
| 700 | 1 |
_aRobert, Philippe de, _ecolaborador |
|
| 700 | 1 |
_aDubois, Jean-Daniel, _ecolaborador |
|
| 700 | 1 |
_aDuprezz, Antoine, _ecolaborador |
|
| 700 | 1 |
_aLemonon, Jean-Pierre, _ecolaborador |
|
| 700 | 1 |
_aQuesnel, Michel, _ecolaborador |
|
| 700 | 1 |
_aSevin, Marc, _ecolaborador |
|
| 910 |
_ajck _bjvq _cjck |
||
| 942 |
_2ddc _cBOOK |
||
| 949 |
_a220.07 B29 1 _wDEWEY _c1 _i41551 _lCCODEBUL1 _mBUL _r0 _sY _tBOOK _u2015-6-16 _xTEOLOGIA _zUNKNOWN _0COMPRA _o.STAFF. Colección General |
||
| 994 |
_aC0 _bPEPRU |
||
| 596 | _a1 | ||
| 999 |
_a220.07 B29 1-3 _wDEWEY _c59221 _i41551 _f2021-11-9 _g5 _lCCODEBUL1 _mBUL _r0 _sY _tBOOK _u2015-6-16 _xTEOLOGIA _zUNKNOWN _0COMPRA _o.STAFF. Colección General _d59221 |
||
| 980 |
_81 _gALBERTO SANCHEZ Responsable de Automatización |
||